| 000 | 00643nam a22001817a 4500 | ||
|---|---|---|---|
| 999 |
_c14901 _d14901 |
||
| 003 | OSt | ||
| 082 | _2664 NAN/DE | ||
| 088 | _aP 369 | ||
| 100 |
_aNANDHU LAL A.M _aRASMI P.K _93952 |
||
| 245 | _aDevelopment and Performance Evaluation of Coconut Scraper | ||
| 260 |
_aTavanur 2017 _bDepartment of Food and Agricultural Process Engineering |
||
| 300 | _a65 | ||
| 500 | _aDevelopment and Performance Evaluation of Coconut Scraper | ||
| 520 | _aDevelopment and Performance Evaluation of Coconut Scraper | ||
| 700 |
_aDr. Sudheer K.P (Guide) _93953 |
||
| 856 | _uhttps://drive.google.com/open?id=1mohf4WVzpyxxRfFbl8eCkYDVPMkUi1g7 | ||
| 942 | _cPR | ||